<?xml version="1.0" encoding="UTF-8"?><?xml-stylesheet type="text/xsl" href="static/style.xsl"?><OAI-PMH xmlns="http://www.openarchives.org/OAI/2.0/" xmlns:xsi="http://www.w3.org/2001/XMLSchema-instance" xsi:schemaLocation="http://www.openarchives.org/OAI/2.0/ http://www.openarchives.org/OAI/2.0/OAI-PMH.xsd"><responseDate>2026-04-17T01:04:47Z</responseDate><request verb="GetRecord" identifier="oai:www.recercat.cat:2445/173490" metadataPrefix="marc">https://recercat.cat/oai/request</request><GetRecord><record><header><identifier>oai:recercat.cat:2445/173490</identifier><datestamp>2025-11-19T10:56:35Z</datestamp><setSpec>com_2072_1057</setSpec><setSpec>col_2072_478861</setSpec><setSpec>col_2072_478917</setSpec></header><metadata><record xmlns="http://www.loc.gov/MARC21/slim" xmlns:dcterms="http://purl.org/dc/terms/" xmlns:xsi="http://www.w3.org/2001/XMLSchema-instance" xmlns:doc="http://www.lyncode.com/xoai" xsi:schemaLocation="http://www.loc.gov/MARC21/slim http://www.loc.gov/standards/marcxml/schema/MARC21slim.xsd">
   <leader>00925njm 22002777a 4500</leader>
   <datafield ind2=" " ind1=" " tag="042">
      <subfield code="a">dc</subfield>
   </datafield>
   <datafield ind2=" " ind1=" " tag="720">
      <subfield code="a">Barquero González, Ana</subfield>
      <subfield code="e">author</subfield>
   </datafield>
   <datafield ind2=" " ind1=" " tag="720">
      <subfield code="a">León López, Rocío</subfield>
      <subfield code="e">author</subfield>
   </datafield>
   <datafield ind2=" " ind1=" " tag="720">
      <subfield code="a">Pascual Orts, Luis Miguel</subfield>
      <subfield code="e">author</subfield>
   </datafield>
   <datafield ind2=" " ind1=" " tag="720">
      <subfield code="a">Blasco Santamaria, Rosa María, 1948-</subfield>
      <subfield code="e">author</subfield>
   </datafield>
   <datafield ind2=" " ind1=" " tag="260">
      <subfield code="c">2021-01-28T12:41:27Z</subfield>
   </datafield>
   <datafield ind2=" " ind1=" " tag="260">
      <subfield code="c">2021-01-28T12:41:27Z</subfield>
   </datafield>
   <datafield ind2=" " ind1=" " tag="260">
      <subfield code="c">2009-11</subfield>
   </datafield>
   <datafield ind2=" " ind1=" " tag="520">
      <subfield code="a">La gestión por competencias se perfila como una herramienta útil para desarrollar los distintos procesos de gestión de personas. Su principal objetivo es identificar la habilidad de los trabajadores para que consigan la máxima autonomía en el desarrollo de su trabajo, con el fin de potenciar y optimizar los resultados. El mapa competencial se considera fundamental en el análisis, la descripción del puesto de trabajo y la elaboración del perfil profesional de gestión, ya que permite establecer las competencias necesarias para el desempeño, las responsabilidades y los requerimientos de dicho puesto. Es un instrumento que puede servir para la autoevaluación personal y la evaluación institucional. Además, ayuda a medir los resultados reales de la gestión enfermera, identificando las necesidades de formación en competencias genéricas y específicas, relacionadas con la gestión de los cuidados, al delimitar las actitudes que se desean potenciar, y al programar la formación. En este artículo se presenta un mapa de competencias como resultado de un estudio de investigación financiado por el Fondo de Investigación Sanitaria “Sobre las competencias profesionales de los directivos de enfermería en el Servicio Andaluz de Salud” que puede servir de patrón de referencia para evaluar las competencias y el desempeño profesional de los directivos de enfermería y para la acreditación de los mismos. Para elaborarlo, fue necesario disponer de una visión operativa sobre las competencias profesionales y los cometidos del puesto de dirección enfermera, y de una visión estratégica&#xd;
de la empresa.</subfield>
   </datafield>
   <datafield tag="653" ind2=" " ind1=" ">
      <subfield code="a">Competències professionals</subfield>
   </datafield>
   <datafield tag="653" ind2=" " ind1=" ">
      <subfield code="a">Necessitats de formació</subfield>
   </datafield>
   <datafield tag="653" ind2=" " ind1=" ">
      <subfield code="a">Directius</subfield>
   </datafield>
   <datafield tag="653" ind2=" " ind1=" ">
      <subfield code="a">Infermeria</subfield>
   </datafield>
   <datafield tag="653" ind2=" " ind1=" ">
      <subfield code="a">Vocational qualifications</subfield>
   </datafield>
   <datafield tag="653" ind2=" " ind1=" ">
      <subfield code="a">Training needs</subfield>
   </datafield>
   <datafield tag="653" ind2=" " ind1=" ">
      <subfield code="a">Executives</subfield>
   </datafield>
   <datafield tag="653" ind2=" " ind1=" ">
      <subfield code="a">Nursing</subfield>
   </datafield>
   <datafield ind2="0" ind1="0" tag="245">
      <subfield code="a">El mapa de competencias para directivos de enfermería como herramientas de gestión y evaluación</subfield>
   </datafield>
</record></metadata></record></GetRecord></OAI-PMH>